UBT Library

A new day, a new life : (Record no. 40138)

000 -LEADER
fixed length control field 00931cam a2200289 a 4500
001 - CONTROL NUMBER
control field 16028088
005 - DATE AND TIME OF LATEST TRANSACTION
control field 20180111085043.0
007 - PHYSICAL DESCRIPTION FIXED FIELD--GENERAL INFORMATION
fixed length control field vd |vaiz|
008 - FIXED-LENGTH DATA ELEMENTS--GENERAL INFORMATION
fixed length control field 091218s2008 mnu 000 0 eng d
010 ## - LIBRARY OF CONGRESS CONTROL NUMBER
LC control number 2009504530
015 ## - NATIONAL BIBLIOGRAPHY NUMBER
National bibliography number GBA883458
Source bnb
016 7# - NATIONAL BIBLIOGRAPHIC AGENCY CONTROL NUMBER
Record control number 014657148
Source Uk
020 ## - INTERNATIONAL STANDARD BOOK NUMBER
International Standard Book Number 9781592855513 (pbk.)
020 ## - INTERNATIONAL STANDARD BOOK NUMBER
International Standard Book Number 1592855512 (pbk.)
035 ## - SYSTEM CONTROL NUMBER
System control number (OCoLC)ocn176925516
040 ## - CATALOGING SOURCE
Original cataloging agency UKM
Transcribing agency UKM
Modifying agency BTCTA
-- BAKER
-- VET
-- ORX
-- YDXCP
-- DLC
041 ## - LANGUAGE CODE
Language code of text/sound track or separate title eng
042 ## - AUTHENTICATION CODE
Authentication code lccopycat
080 ## - UNIVERSAL DECIMAL CLASSIFICATION NUMBER
Universal Decimal Classification number 616.891 WIL
082 00 - DEWEY DECIMAL CLASSIFICATION NUMBER
Classification number 616.891 WIL
Edition number 23
100 1# - Rafti
Rafti 9
101 ## - Shkurtesa
Shkurtesa MJE
245 12 - TITLE STATEMENT
Title A new day, a new life :
Statement of responsibility, etc William C. Moyers ; with Jodie Carter.
906 ## - LOCAL DATA ELEMENT F, LDF (RLIN)
a 7
b cbc
c copycat
d 2
e ncip
f 20
g y-gencatlg
942 ## - ADDED ENTRY ELEMENTS (KOHA)
Source of classification or shelving scheme
Item type Books

No items available.

UBT Library © 2015-2024. All rights reserved University Education for Business and Technology